Pas ça Zinédine - Statistiques

Statistiques générales
  • Ce quiz a été pris 221 fois
  • Le résultat moyen est 27 sur 31
Statistiques - réponses
Mots
% Correct
Pas
99%
Pas
99%
Pas
99%
pas
99%
Pas
99%
pas
99%
pas
99%
ça.
98%
ça
98%
ça
98%
ça.
98%
non.
96%
non,
96%
Zinédine.
96%
Zinédine.
96%
Zinédine.
96%
Zinédine.
96%
ce
92%
après
91%
que
91%
tout
91%
fait...
90%
tu
90%
as
89%
Oh
85%
Oh
85%
Oh
85%
maintenant,
81%
aujourd'hui,
40%
Ouh,
17%
Ouh
17%
Aucun quiz correspondant
Distribution des résultats
% des personnes avec chaque résultat
Percentile par nombre de réponses
Votre historique - résultats
Vous n’avez pas pris ce quiz